Statistiken für Bravo Hits #14

Klicken Sie hier um das Quiz zu spielen!

Allgemein

  • Dieses Quiz wurde 31 mal gespielt
  • Das Durchschnittsergebnis liegt bei 6 aus 40

Antwortstatistiken

#LiedInterpret% Korrekt
2.1WannabeSpice Girls
93%
2.15Zehn kleine JägermeisterDie Toten Hosen
77%
2.10Sexy EisBürger Lars Dietrich
47%
1.19InsomniaFaithless
43%
2.16Breakfast at Tiffany'sDeep Blue Something
27%
2.2Where Do You GoNo Mercy
27%
1.20Robby RoboterDas Modul
23%
1.9Gimme Good SexE-Rotic
20%
1.7Fade to GreyMark 'Oh
20%
1.1I Give You My HeartMr. President
20%
2.12Little BoyCaptain Jack
17%
1.15NakedFalco
17%
1.2Mister FeelingMasterboy
17%
2.19Killing Me Softly With His SongRoberta Flack
17%
2.20I Can't Help MyselfThe Kelly Family
17%
1.4Seven Days and One WeekB.B.E.
13%
2.7CrossroadBone Thugs-N-Harmony
13%
1.3VamonosGarcia
13%
2.3FreedomRobbie Williams
13%
1.18Taz will tanzenTaz
13%
1.8Walk the Same LineCulture Beat
10%
1.5Millions Miles from HomeDune
10%
1.14Revolution in ParadiseHeath Hunter & the Pleasure Company
10%
2.18Dass es dir leid tutPur
7%
2.17The Right TimeThe Corrs
7%
2.11Je te donneWorlds Apart
7%
1.12DreamerZhi-Vago
7%
1.16Kein Schwein ruft mich anCandyboy
3%
2.4Mal sehenFettes Brot
3%
1.11Over the MountainAnna
0%
2.13What Is in LoveConstruction
0%
2.9Turn Me UpDaniel Aminati
0%
2.8Nothing Like VivaHip Hop Alliance
0%
1.6AtlantisImperio
0%
2.6CrazyMark Morrison
0%
2.5That GirlMaxi Priest
0%
1.10Dream a Little DreamMusic Instructor
0%
1.13Exit FantasyRaver's Nature
0%
1.17Surfin'Sunshine
0%
2.14It's Getting DarkThe Bates
0%

Verteilung der Resultate

Perzentil nach korrekt beantworteten Fragen

Anzahl Personen mit jedem Resultat

Ihre Resultats-Entwicklung

Sie haben dieses Quiz noch nicht gespielt